Sports Quiz

Random Sports or Baseball Quiz

Nationals Franchise 25+ HRs Single Season Quiz Stats

 Plays Quiz Updated Nov 5, 2019

Score 0/50 Timer 06:00
4 Plays Today
HRs Player % Correct
42Bryce Harper
95.9%
34Bryce Harper
95.8%
29Bryce Harper
94.6%
36Ryan Zimmerman
91.1%
33Ryan Zimmerman
91.1%
26Ryan Zimmerman
91.1%
25Ryan Zimmerman
91.1%
25Ryan Zimmerman
91.1%
44Vladimir Guerrero
83.7%
42Vladimir Guerrero
83.7%
39Vladimir Guerrero
83.7%
38Vladimir Guerrero
83.7%
34Vladimir Guerrero
83.7%
34Anthony Rendon
80%
25Vladimir Guerrero
77.7%
32Andre Dawson
72.7%
25Andre Dawson
72.7%
25Andre Dawson
72.7%
25Anthony Rendon
72%
31Gary Carter
70.6%
29Gary Carter
70.6%
29Gary Carter
70.6%
27Gary Carter
70.6%
34Juan Soto
69.1%
46Alfonso Soriano
62.5%
HRs Player % Correct
25Jayson Werth
54.8%
38Adam Dunn
53.7%
38Adam Dunn
53.7%
28Tim Wallach
47.4%
26Tim Wallach
47.4%
30Rusty Staub
42%
29Rusty Staub
42%
33Adam LaRoche
38.7%
26Adam LaRoche
38.7%
29Andres Galarraga
37.2%
25Daniel Murphy
34.4%
25Ian Desmond
32.2%
36Henry Rodriguez
30.7%
26Henry Rodriguez
30.7%
25Ellis Valentine
24.5%
25Ellis Valentine
24.5%
28Rondell White
21.7%
32Brad Wilkerson
20%
30Larry Parrish
19.7%
31Michael Morse
17.7%
26Bob Bailey
14.6%
28Bob Bailey
14.1%
32Tony Batista
13%
25Lee Stevens
10.3%
25Shane Andrews
8.1%

You're not logged in!

Compare scores with friends on all Sporcle quizzes.
OR
Log In

Sporcle TV

Today on Sporcle TV


Watch our educational content, quiz creation guides, and fun videos on Sporcle TV.

Show Comments

Extras

Top Quizzes Today


Score Distribution

Your Account Isn't Verified!

In order to create a playlist on Sporcle, you need to verify the email address you used during registration. Go to your Sporcle Settings to finish the process.

Report this User

Report this user for behavior that violates our Community Guidelines.

Details: